000 00762nam a22002177a 4500
999 _c4815
_d4815
003 AR-CdUCM
008 190311b ||||| |||| 00| 0 spa d
040 _aMUNICIPALIDAD PROVINCIAL DEL CUSCO
_cBIBLIOTECA MUNICIPAL DEL CUSCO
082 _22ed.
_a861.08 /
_bV25
100 _aValverde, José M.
_914847
245 _aEstudios sobre la palabra poética /
260 _aMadrid :
_bEdiciones Rialp,
_c1958.
300 _a222
_c18 cm.
500 _aDonación familia Luis Nieto
505 _aContenido:Responso y toma de altura -- etapas de su obra -- temporalidad y poesía -- Sentido del tiempo en Vallejo -- Infancia...
650 _aVallejo
_912219
650 _aPoesía
_9444
650 _aEnsayo de Vallejo
_914848
942 _2ddc
_cLIBROS
945 _adavv